Tribhuvan University Central Library

Fundamentals of mathematics (Record no. 95166)

MARC details
000 -LEADER
fixed length control field 00589nam a22002057a 4500
008 - FIXED-LENGTH DATA ELEMENTS--GENERAL INFORMATION
fixed length control field 200304b xxu||||| |||| 00| 0 eng d
020 ## - INTERNATIONAL STANDARD BOOK NUMBER
International Standard Book Number 9789937301381
082 ## - DEWEY DECIMAL CLASSIFICATION NUMBER
Classification number 510/B168f
100 ## - MAIN ENTRY--PERSONAL NAME
Personal name Bajracharya, Prakash Muni
245 ## - TITLE STATEMENT
Title Fundamentals of mathematics
Remainder of title Grade xii
250 ## - EDITION STATEMENT
Edition statement Rev. ed.
260 ## - PUBLICATION, DISTRIBUTION, ETC.
Place of publication, distribution, etc. Kathmandu:
Name of publisher, distributor, etc. Buddha Academic Publishers and Distributors,
Date of publication, distribution, etc. 2018
300 ## - PHYSICAL DESCRIPTION
Extent 685p. ; illus.
650 ## - SUBJECT ADDED ENTRY--TOPICAL TERM
Topical term or geographic name entry element Mathematics
650 ## - SUBJECT ADDED ENTRY--TOPICAL TERM
Topical term or geographic name entry element Probability
650 ## - SUBJECT ADDED ENTRY--TOPICAL TERM
Topical term or geographic name entry element Permutations
9 (RLIN) 17565
700 ## - ADDED ENTRY--PERSONAL NAME
Personal name Basnet, Ganesh Bahadur
700 ## - ADDED ENTRY--PERSONAL NAME
Personal name Phulara, Keshab Raj
942 ## - ADDED ENTRY ELEMENTS (KOHA)
Source of classification or shelving scheme Dewey Decimal Classification
Koha item type ISBN
Holdings
Withdrawn status Lost status Source of classification or shelving scheme Damaged status Not for loan Home library Current library Date acquired Total Checkouts Full call number Barcode Date last seen Price effective from Koha item type
    Dewey Decimal Classification     Tribhuvan University Central Library Tribhuvan University Central Library 03/04/2020   510/B168f IS17775 03/04/2020 03/04/2020 ISBN
    Dewey Decimal Classification     Tribhuvan University Central Library Tribhuvan University Central Library 03/04/2020   510/B168f IS17776 03/04/2020 03/04/2020 ISBN